Loading...
| Science - Physics | 0 | 8 | 0 | 2 | 80 | 70 | 88.25 | 0 | 4 |
| Science - Other Science | 3 | 2 | 2 | 1 | 55 | 16 | 60.00 | 3 | 3 |
| Literature - European Literature | 0 | 5 | 1 | 1 | 45 | 101 | 125.00 | 0 | 1 |
| Literature - British Literature | 0 | 4 | 0 | 0 | 40 | 121 | 129.75 | 0 | 0 |
| Religion | 1 | 2 | 0 | 0 | 35 | 66 | 111.33 | 0 | 3 |
| Science - Biology | 0 | 4 | 1 | 3 | 35 | 57 | 110.00 | 1 | 2 |
| Science - Chemistry | 0 | 4 | 1 | 1 | 35 | 84 | 114.25 | 1 | 3 |
| History - European History | 0 | 4 | 2 | 1 | 30 | 114 | 125.25 | 0 | 1 |
| Literature - American Literature | 0 | 3 | 0 | 0 | 30 | 91 | 120.33 | 0 | 0 |
| History - World History | 0 | 3 | 1 | 1 | 25 | 110 | 124.67 | 0 | 1 |
| Fine Arts - Auditory Fine Arts | 0 | 3 | 2 | 1 | 20 | 132 | 139.00 | 0 | 0 |
| Literature - World Literature | 0 | 2 | 0 | 0 | 20 | 110 | 117.50 | 0 | 0 |
| History - Other History | 1 | 1 | 2 | 0 | 15 | 60 | 86.50 | 1 | 1 |
| Fine Arts - Other Fine Arts | 0 | 2 | 1 | 0 | 15 | 108 | 118.50 | 0 | 1 |
| Mythology | 0 | 2 | 1 | 1 | 15 | 134 | 147.00 | 0 | 0 |
| Fine Arts - Visual Fine Arts | 0 | 2 | 2 | 0 | 10 | 106 | 126.00 | 0 | 0 |
| Other Academic | 0 | 1 | 0 | 1 | 10 | 124 | 124.00 | 0 | 0 |
| Philosophy | 0 | 2 | 2 | 0 | 10 | 102 | 109.00 | 0 | 1 |
| History - American History | 0 | 2 | 2 | 1 | 10 | 85 | 114.50 | 0 | 2 |
| Social Science | 0 | 1 | 2 | 0 | 0 | 123 | 123.00 | 0 | 0 |
| Pop Culture | 0 | 0 | 1 | 0 | -5 | 0.00 | 0 | 0 |